00492nam a2200145 a 450000100100000000500170001000800410002704000250006824500450009326000570013830000200019504900090021595201050022499900170032900003194520200930063313.0110707s19uu dr 000 0 spa d aDO-SdBNPbspacBNPHU00aRitual para celebraciones de la palabra. aSanto Domingo :bImprenta Amigo del Hogar,c[19--?]. a27 p. ;c22 cm. aBNPD 0010718PDaPDbPDcCTd2011-07-07iLF1l0o p31945-10r2020-06-25w2020-06-25yLFPDZNo se presta c31436d31436